Geography Quiz

Random Geography or City Quiz
Score 0/46 Timer 04:00
7 Plays Today
Category New York City Thing % Correct
StateNew York
98.6%
CountyNew York
98.5%
CountryUnited States of America
97%
BoroughManhattan
90.4%
BoroughBrooklyn
88.8%
BoroughQueens
88.7%
Famous Nickname(s)The Big Apple
88.1%
CountyQueens
88%
BoroughThe Bronx
87.2%
CountyBronx
86.8%
Major AirportJohn F. Kennedy International Airport
85%
Monument Given by FrenchStatue of Liberty
83.8%
StadiumYankee Stadium
82.3%
Major RiverHudson River
82%
Largest Circulated NewspaperThe New York Times
80.5%
Street home to above exchangesWall Street
80.3%
BoroughStaten Island
79.2%
NBA TeamNew York Knicks
77.5%
Time ZoneEastern
75.8%
MLB TeamNew York Yankees
75.8%
MLB TeamNew York Mets
75%
ArenaMadison Square Garden
74.2%
NYE Ball Drop LocationTimes Square
72.5%
Category New York City Thing % Correct
Major RiverEast River
71.3%
Major AirportLaGuardia Airport
71%
First European SettlersNetherlands
69%
Population (millions)8.5 million
66.1%
Heart of American theater industryBroadway Theatre
64.9%
Immigrant gateway island until 1954Ellis Island
64%
NHL TeamNew York Rangers
63.6%
NBA TeamBrooklyn Nets
61.9%
Stock ExchangeNew York Stock Exchange
60.6%
Ivy League UniversityColumbia University
60.5%
Largest University (Enrollment)New York University
59.4%
NHL TeamNew York Islanders
58.9%
Stock ExchangeNASDAQ
44%
Tallest buildingOne World Trade Center
40.8%
MayorBill de Blasio
37.9%
StadiumCiti Field
36.8%
WNBA TeamNew York Liberty
36.2%
2nd Largest Circulated NewspaperThe Wall Street Journal
32.2%
CountyKings
30.1%
ArenaBarclays Center
30%
Concert venue in Midtown ManhattanCarnegie Hall
27.6%
MLS TeamNew York City FC
19.2%
CountyRichmond
13.6%
Remove Ads.
Support Sporcle.
Get the best of Sporcle when you Go Orange. This ad-free experience offers more features, more stats, and more fun while also helping to support Sporcle. Thank you for becoming a member.

You're not logged in!

Compare scores with friends on all Sporcle quizzes.
OR
Log In

Show Comments

Extras

Top Quizzes Today


Score Distribution

Your Account Isn't Verified!

In order to create a playlist on Sporcle, you need to verify the email address you used during registration. Go to your Sporcle Settings to finish the process.

Report this User

Report this user for behavior that violates our Community Guidelines.

Details: